| 000 | 00420nam a2200181Ia 4500 | ||
|---|---|---|---|
| 001 | 14854 | ||
| 005 | 20260306164944.0 | ||
| 008 | 260306t1991||||xx |||||||||||||| ||spa|| | ||
| 041 | _aESP | ||
| 082 |
_a519.5 _bC72 |
||
| 100 |
_aCochran, William G. _eAUT |
||
| 245 | 0 | _aDiseños experimentales | |
| 260 | _c1991 | ||
| 300 |
_a661 páginas : _c23 cm. |
||
| 650 | _aGEN | ||
| 654 | _aCMA | ||
| 942 |
_cLIB _dJUS _fJUS _2ddc _n |
||
| 999 |
_c14854 _d14854 |
||